|
|
|
|
| LEADER |
00855nam a22002297a 4500 |
| 001 |
39918 |
| 003 |
BD-DhAAL |
| 008 |
221101t2019 ii a|||| |||| 00| 0 eng d |
| 999 |
|
|
|c 44877
|d 44877
|
| 020 |
|
|
|a 9781646616992
|
| 040 |
|
|
|a BD-DhAAL
|c BD-DhAAL
|
| 082 |
|
|
|a 832.6
|2 23
|
| 100 |
|
|
|a Goethe, Johann Wolfgang von,
|d 1749-1832.
|9 52130
|
| 245 |
|
|
|a Faust /
|c Johann Wolfgang von Goethe.
|
| 260 |
|
|
|a Chennai :
|b Notion Press,
|c 2019.
|
| 300 |
|
|
|a xxvi, 181 pages :
|b illustrations ;
|c 22 cm.
|
| 526 |
|
|
|a BIGD
|
| 541 |
|
|
|a Book Finder International
|e 39918
|
| 600 |
|
|
|a Goethe, Johann Wolfgang von,
|d 1749-1832.
|t Faust.
|9 52131
|
| 852 |
|
|
|a Ayesha Abed Library
|
| 942 |
|
|
|2 ddc
|c BK
|
| 952 |
|
|
|0 0
|1 0
|2 ddc
|4 0
|6 832_600000000000000_GOE
|7 0
|9 72191
|a IGS
|b IGS
|c GEN
|d 2022-10-27
|e Book Finder International
|g 432.47
|l 0
|o 832.6 GOE
|p 3010039918
|r 2022-10-27
|t 1
|v 432.47
|w 2022-10-27
|y BK
|